|
|
|
|
| LEADER |
00907nam a2200241 a 4500 |
| 001 |
1457 |
| 008 |
130724s1974 iaua b 001 0 eng d |
| 010 |
|
|
|a 73093842
|
| 020 |
|
|
|a 0697041433
|
| 040 |
|
|
|a DLC
|c DLC
|d DLC
|d BD-DhAAL
|
| 082 |
0 |
0 |
|a 301.18/32
|
| 100 |
1 |
|
|a Goldhaber, Gerald M.
|
| 245 |
1 |
0 |
|a Organizational communication /
|c by Gerald M. Goldhaber.
|
| 260 |
|
|
|a Dubuque, Iowa :
|b W. C. Brown,
|c c1974.
|
| 300 |
|
|
|a xi, 391 p. :
|b illus. ;
|c 24 cm.
|
| 504 |
|
|
|a Includes bibliographical references (380 p. ) and index.
|
| 541 |
|
|
|e 1457
|
| 650 |
|
0 |
|a Organizational sociology.
|
| 650 |
|
0 |
|a Communication.
|
| 650 |
|
0 |
|a Organizational sociology
|x Research.
|
| 852 |
1 |
|
|a Ayesha Abed Library
|j General shelf.
|
| 999 |
|
|
|c 13719
|d 13719
|
| 952 |
|
|
|0 0
|1 0
|2 ddc
|4 0
|6 301_183200000000000_GOL
|7 0
|9 22964
|a BRACUL
|b BRACUL
|c GEN
|d 2013-07-27
|e Asia Foundation
|g 857.00
|l 0
|o 301.1832 GOL
|p 3010001457
|r 2013-07-27
|t 1
|w 2013-07-27
|y BK
|